A monograph of the bats of North America. (Record no. 52684)

MARC details
000 -LEADER
fixed length control field 01122cam a22003011 4500
001 - CONTROL NUMBER
control field s 13000157
003 - CONTROL NUMBER IDENTIFIER
control field DLC
005 - DATE AND TIME OF LATEST TRANSACTION
control field 20260227111911.0
008 - FIXED-LENGTH DATA ELEMENTS--GENERAL INFORMATION
fixed length control field 751015s1893 xx 000 0 eng
010 ## - LIBRARY OF CONGRESS CONTROL NUMBER
LC control number s 13000157
035 ## - SYSTEM CONTROL NUMBER
System control number (OCoLC)1704356
040 ## - CATALOGING SOURCE
Original cataloging agency DLC
Transcribing agency OKentU
Modifying agency DLC
042 ## - AUTHENTICATION CODE
Authentication code premarc
050 00 - LIBRARY OF CONGRESS CALL NUMBER
Classification number Q11
Item number .U6 no. 43
100 1# - MAIN ENTRY--PERSONAL NAME
Personal name Allen, Harrison,
Dates associated with a name 1841-1897.
245 12 - TITLE STATEMENT
Title A monograph of the bats of North America.
250 ## - EDITION STATEMENT
Edition statement [New ed.]
Remainder of edition statement By Harrison Allen, M.D.
260 ## - PUBLICATION, DISTRIBUTION, ETC.
Place of publication, distribution, etc. Washington,
Name of publisher, distributor, etc. Govt. print. off.,
Date of publication, distribution, etc. 1893.
300 ## - PHYSICAL DESCRIPTION
Extent ix, 198 p.
Other physical details illus., xxxviii pl.
Dimensions 25 cm.
490 1# - SERIES STATEMENT
Series statement Bulletin of the United States National museum.
Volume/sequential designation no. 43
500 ## - GENERAL NOTE
General note At head of title: Smithsonian institution. United States National museum. Bulletin 43.
500 ## - GENERAL NOTE
General note Some of the plates are preceded by leaf with descriptive letterpress.
500 ## - GENERAL NOTE
General note First edition, 1864, published in Smithsonian miscellaneous collections, v.7, art. I.
504 ## - BIBLIOGRAPHY, ETC. NOTE
Bibliography, etc. note Bibliography: p. 183-193.
650 #0 - SUBJECT ADDED ENTRY--TOPICAL TERM
Topical term or geographic name entry element Bats.
650 #0 - SUBJECT ADDED ENTRY--TOPICAL TERM
Topical term or geographic name entry element Mammals
Geographic subdivision North America.
810 2# - SERIES ADDED ENTRY--CORPORATE NAME
Corporate name or jurisdiction name as entry element United States National Museum.
Title of a work Bulletin ;
Volume/sequential designation 43.

No items available.

Powered by Koha